000 00343 a2200169 4500
001 160338
020 _a85-281-0120-7
040 _cMagnum
100 _aMachado, Ana Maria
240 1 0 _aTatu bobo
_lpor
245 1 0 _aTatu bobo
300 _a24
362 0 _a1988
440 1 _aSalamandra
697 _aLITERATURA INFANTIL
942 _cBK
999 _c160338
_d160338